000 00338nam a2200133Ia 4500
008 220217s9999||||xx |||||||||||||| ||und||
082 _a005.133 KOL
100 _aKochan, Stephen, G
245 0 _aProgramming in C
250 _a1st
260 _aCBS publishers
_bNew Delhi
_c1991
300 _b140
650 _aPROGRAMMING LANGUAGE
999 _c165128
_d165128